Statistics for random flags-african edition

Click here to take the quiz!

General Stats

  • This quiz has been taken 9 times
  • The average score is 13 of 16

Answer Stats

Answer% Correct
algeria
100%
Egypt
100%
South Africa
100%
democratic republic of Congo
89%
Libya
89%
madagascar
89%
Morocco
89%
niger
89%
Tunisia
89%
ethiopia
78%
kenya
78%
nigeria
78%
sudan
78%
Djibouti
67%
mali
67%
namibia
67%

Score Distribution

Percentile by Number Answered

Percent of People with Each Score

Your Score History

You have not taken this quiz